000 00416nam a2200145Ia 4500
008 221007s9999 xx 000 0 und d
041 _aeng
082 _bMEN
100 _aMenkar Pooja S - 2K111084 & Prof. Ranjana Gogate - Guide
_9101974
245 _aCommodity Futures Trading With Reference to Gold
260 _c2013
_bPune University
_aSangali
300 _a78p
520 _aGogate Ranjana
906 _bGeneral
999 _c69129
_d69129